000
00183nam a22000857a 4500
999
_c
16223
_d
16223
003
OSt
008
200624b ||||| |||| 00| 0 eng d
245
_a
Zoology (Outlines of..)
942
_c
BK